Open Data Biblioteca Nacional de Portugal


República Portuguesa: Ministério da Cultura
Biblioteca Nacional de Portugal

Catálogo da BNP: acesso por Identificadores Unívocos
Registos Bibliográficos associados ao registo de autoridade

Etiqueta de registo: 00254nam 2200025 450
001 2285265
003 http://id.bnportugal.gov.pt/bib/catbnp/2285265
010 ## $a978-989-9061-37-8
021 ## $aPT$b561214/26
100 ## $a20260427d2026 c y0pory01030103ba
101 1# $apor
102 ## $aPT
105 ## $aa z 000fy
106 ## $ar
200 1# $a O ladrão de pêssegos$fKotone Utsunomiya$gtrad. Isabel Minhóis Martins, Rosa Churcher Clarke
205 ## $a1ª ed
210 #9 $aCarcavelos$cPlaneta Tangerina,$d2026
215 ## $a[32] p.$cil.$d19 cm
675 ## $a087.5$vBN$zpor$3287999
675 ## $a821.521-93"20"$vBN$zpor$31778650
700 #1 $aUtsunomiya,$bKotone$31996922
702 #1 $aMartins,$bIsabel Minhós,$f1974-$4440$31386113
702 #1 $aClarke,$bRosa Churcher$4440$31696026
801 #0 $aPT$bBN$gRPC
856 41 $uhttp://rnod.bnportugal.gov.pt/ImagesBN/winlibimg.aspx?skey=&doc=2285265&img=223538&save=true
966 ## $lBN$mFGMON$sP. 31042 P.$x1
966 ## $lBN$mFGMON$sP. 31042 P.-D$x1
971 ## $cisantos$d20260427
973 ## $caalmeid$d20260618

Etiqueta de registo: 00254nam 2200025 450
001 2285266
003 http://id.bnportugal.gov.pt/bib/catbnp/2285266
010 ## $a978-989-9061-39-2
021 ## $aPT$b561791/26/26
100 ## $a20260427d2026 c y0pory01030103ba
101 0# $aeng
102 ## $aPT
105 ## $aa z 000fy
106 ## $ar
200 1# $a The peach thief$fKotone Utsunomiya
205 ## $a1st ed
210 #9 $aCarcavelos$cPlaneta Tangerina,$d2026
215 ## $a[32] p.$cil.$d19 cm
675 ## $a087.5$vBN$zpor$3287999
675 ## $a821.521-93"20"$vBN$zpor$31778650
675 ## $a75.056(=1:52)"20"$vBN$zpor$32000339
700 #1 $aUtsunomiya,$bKotone$31996922
801 #0 $aPT$bBN$gRPC
856 41 $uhttp://rnod.bnportugal.gov.pt/ImagesBN/winlibimg.aspx?skey=&doc=2285266&img=223301&save=true
966 ## $lBN$mFGMON$sP. 31039 P.$x1
966 ## $lBN$mFGMON$sP. 31039 P.-D$x1
971 ## $cisantos$d20260427
973 ## $cmlsousa$d20260611

OpendataBNP@bnportugal.pt | Mais informação sobre acesso aos dados BNP